000
00198 a2200097 4500
001
4032
100
_a
Slater, J.C
245
_a
Electromagnitism
260
_a
_b
Mcgraw-Hill
_c
090
_c
3257
_d
3257
942
_a
NUST-CAE
_c
M
_c
25080
999
_c
239105
_d
239105